Catálogo
 En Linea

Concurso de cuentos de casa de teatro 1981. (Registro nro. 44755)

Detalles MARC
000 -CABECERA
campo de control de longitud fija 00980nam a2200157 a 4500
001 - NÚMERO DE CONTROL
campo de control 000045266
005 - FECHA Y HORA DE LA ÚLTIMA TRANSACCIÓN
campo de control 20201002050022.0
008 - DATOS DE LONGITUD FIJA--INFORMACIÓN GENERAL
campo de control de longitud fija 150219s1982 dr a 000 j spa d
040 ## - FUENTE DE LA CATALOGACIÓN
Centro catalogador/agencia de origen DO-SdBNP
Lengua de catalogación spa
Centro/agencia transcriptor BNPHU
082 ## - NÚMERO DE LA CLASIFICACIÓN DECIMAL DEWEY
Número de clasificación xxxx
Número de documento/Ítem xxxx
245 00 - MENCIÓN DE TÍTULO
Título Concurso de cuentos de casa de teatro 1981.
260 ## - PUBLICACIÓN, DISTRIBUCIÓN, ETC.
Lugar de publicación, distribución, etc. Santo Domingo :
Nombre del editor, distribuidor, etc. Casa de Teatro,
Fecha de publicación, distribución, etc. 1982.
300 ## - DESCRIPCIÓN FÍSICA
Extensión 136 p. ;
Dimensiones 21 cm.
500 ## - NOTA GENERAL
Nota general Perteneció a la biblioteca personal del Dr. Guaroa Ginebra H.
505 0# - NOTA DE CONTENIDO CON FORMATO
Información miscelánea Primer premio
Título Reflexiones /
Mención de responsabilidad William Dario Mejía C. --
Información miscelánea Segundo premio
Título Relámpago entre las sombras /
Mención de responsabilidad Diógenes Valdez --
Información miscelánea Tercer premio
Título Un poco de pasado para vivir hoy /
Mención de responsabilidad Arturo Rodríguez F. --
Título Menciones
-- Café para si hubieran matado un ángel /
Mención de responsabilidad Manuel F. García como Ricardo Roja --
Título In Fraganti /
Mención de responsabilidad Juan Ml. Brida Busto --
Título Nuestra última lluvia juntos /
Mención de responsabilidad Valerio Holguín--
Título Laberinto de espejos /
Mención de responsabilidad Valerio Holguín--
Título Loriana /
Mención de responsabilidad Ángela Hernández --
Título Taller y eje de carreta /
Mención de responsabilidad Olmedo T. Moreno.
Existencias
Estado de retiro Estado de pérdida No para préstamo Código de colección Localización permanente Ubicación/localización actual Ubicación en estantería Fecha de adquisición Número de inventario Total de préstamos Signatura topográfica completa Código de barras Fecha visto por última vez Precio válido a partir de Tipo de ítem Koha Nota pública Número de copia
    Excluido de préstamo Patrimonio Dominicano Patrimonio Dominicano Patrimonio Dominicano Depósito 19.02.2015 LF1   xxxx xxxx 45266-10 25.06.2020 25.06.2020 Libro y Folleto Colección Patrimonio Dominicano Perteneció a la biblioteca personal del Dr. Guaroa Ginebra H.  
    Excluido de préstamo Patrimonio Dominicano Patrimonio Dominicano Patrimonio Dominicano Depósito 14.07.2015 LF1   xxxx xxxx 45266-20 25.06.2020 25.06.2020 Libro y Folleto Colección Patrimonio Dominicano Perteneció a la biblioteca personal de Chiqui Vicioso / Fidelio Despradel. e. 2

Con tecnología Koha